000 01263nam a22002777a 4500
999 _c116594
_d116594
003 dpl
005 20180918135842.0
008 180918b ||||| |||| 00| 0 eng d
010 _aB-072146
020 _c200.00
_a8170281660
035 _aB-072146, B-072150
037 _bCen Lib/Ret
040 _aDPL
_bHN
_c0
082 _a
_bमिश्रभ
100 _aमिश्र, भगवतीशरण
_967316
245 _aगोबिन्द-गाथा :
_cभगवतीशरण मिश्र
_bगुरु गोबिन्द सिंह के जीवन पर आधारित उपन्यास /
246 _aGobind-gatha : Guru Gobind Singh ke jeevan par adharit upanyas /
_bby Bhagwatisharan Mishra
260 _aदिल्ली
_bराजपाल एंड सिंस
_c2002
270 _bदिल्ली
_aकश्मीरी गेट
_e110006
300 _a327पृ.
_c21सेमी (सजिल्द)
650 _aहिन्दी साहित्य
_967317
650 _aहिन्दी साहित्य -- उपन्यास
_946379
650 _aHindi literature
_967318
650 _aHindi literature -- Fiction
_967319
942 _2ddc
_cHN
_h
_mमिश्रभ